000 00609cam a2200205ui 4500
999 _c1893
_d1893
003 OSt
005 20230215082828.0
008 130221s2012 nyua j 000 0 eng d
020 _a9780753468982
040 _aCaNFSM
_beng
_erda
_dCaOL
_dKH8
_cSDL
082 _a508.2 FEL
100 1 _aFeldman, Thea.
_eauthor
245 1 0 _aSeasons /
_cThea Feldman.
260 _aNew York :
_bKingfisher,
_cc2012.
300 _a32 p. :
_bcolor ill. ;
_c23 cm.
490 1 _aKingfisher readers. Level 1, Beginning to read.
650 0 _aSeasons
_vPictorial works.
830 0 _aKingfisher readers.
_nLevel 1.
942 _2ddc
_cNFIC